Ice inforaction with offshore structures

Bibliographic Details
Main Author: Cammaert, A. B.
Other Authors: Muggeridge, D. B.
Format: Book
Published: New York : Van Nostrand Reinhold , 1988
Subjects:

MARC

LEADER 00000cam a2200000 7i4500
001 0000003860
005 20050613.0
020 |a 0442216521 
040 |a INS 
090 0 0 |a TC1665.   |b C36 1988 
100 1 |a Cammaert, A. B. 
245 1 0 |a Ice inforaction with offshore structures   |c A. B. Cammaert 
260 |a New York :   |b Van Nostrand Reinhold ,   |c 1988 
300 |a xvi :   |b 432 p ;   |c 23 cm. 
650 0 0 |a Ice mechanics 
650 0 0 |a Offshore structures   |x dynamics 
650 0 0 |a Sea ice 
700 1 |a Muggeridge, D. B. 
999 |a 0000004435   |b BOOK   |c Open Shelf   |e Default branch